MARC
| LEADER | 00000nam a2200000 i 4500 | ||
|---|---|---|---|
| 001 | 1/49550 | ||
| 008 | 960403s1988 eng d | ||
| 020 | |a 0-471-61058-5 | ||
| 035 | |l 10026855 | ||
| 040 | |a GR-MY-UA |b gre |e aacr | ||
| 041 | 0 | |a eng | |
| 082 | 0 | |a 658.15 | |
| 100 | 1 | |a Spiro, Herbert T. | |
| 245 | 1 | 0 | |a Finance for the nonfinancial manager / |c Herbert T.Spiro |
| 250 | |a 3rd ed. | ||
| 260 | |a New York, Chichester : |b Wiley, |c 1988 | ||
| 300 | |a 282 σ. | ||
| 504 | |a Περιλαμβάνει βιβλιογραφία | ||
| 650 | 0 | 0 | |a Finance. |
| 852 | |a INST |b CHIOS |e 19960403 |h 658.15 SPI |p 005200003968 |q 005200003968 |t BK |y 0 | ||
| 909 | |a Χ |b 037339 | ||